Revista andina / (Record no. 21856)

000 -CABECERA
fixed length control field 02111nam a22003617a 4500
003 - IDENTIFICADOR DEL NÚMERO DE CONTROL
control field AR-CdUCM
008 - DATOS DE LONGITUD FIJA--INFORMACIÓN GENERAL
fixed length control field 190425b ||||| |||| 00| 0 spa d
040 ## - FUENTE DE LA CATALOGACIÓN
Agencia/entidad que catalogó originalmente la obra MUNICIPALIDAD PROVINCIAL DEL CUSCO
Entidad que transcribió la catalogación BIBLIOTECA MUNICIPAL DEL CUSCO
082 ## - NÚMERO DE LA CLASIFICACIÓN DECIMAL DEWEY
No. de Clasificación Rev.Andi/N°44/2007
110 ## - ENTRADA PRINCIPAL--NOMBRE DE ENTIDAD CORPORATIVA
Nombre de la institución, jurisdicción como entrada principal Centro Bartolomé de Las Casas
9 (RLIN) 3293
245 ## - MENCIÓN DE TÍTULO
Título Revista andina /
Mención de responsabilidad Centro de estudios rurales andinos Bartolomé de Las Casas Cusco
260 ## - PUBLICACIÓN, DISTRIBUCIÓN, ETC.
Lugar de publicación, distribución, etc. Cusco :
Nombre de la editorial, distribuidor, etc. Centro Bartolomé de Las Casas,
Fecha de publicación, distribución, etc. 2007.
300 ## - DESCRIPCIÓN FÍSICA
Nº de Páginas Extensión 278 páginas. :
Dimensiones 23 cm.
440 ## - MENCIÓN DE SERIE/PUNTO DE ACCESO ADICIONAL--TÍTULO
Título Publicación Semestral del Centro Bartolomé de Las Casas Cusco.
Número de la parte/sección de una obra Número 44, Primer semestre 2007.
9 (RLIN) 46489
505 ## - NOTA DE CONTENIDO CON FORMATO
Nota de contenido formateada Contenido: Lo que Guaman Poma nos muestra, pero no nos dice sobre Tukapu. Mary Frame. -- Yupana, tabla de contar inca: estructura interna. Viviana Moscovich. -- Obrajes, leyes de trabajo y prácticas políticas. Las luchas por la construcción del Estado en el proto-peronismo. Santiago del Estero, 1943-1945. Ana Teresa Martínez. -- Cuzco: la piedra donde se posó la lechuza. Historia de un nombre. Rodolfo Cerrón-Palomino.-- Hachas y cetros de metal del Noroeste argentino prehispánico. Luis R. González, Héctor D. Buono. -- La naturaleza de la guerra prehispánica temprana: la perspectiva desde Chankillo. Ivan Ghezzi. -- Una cofradía urbana de indios a fines de la colonia: San Pedro de Naturales (Jujuy-Río de la Plata)<br/>Enrique Normando Cruz. -- Diseños culturales en cuentos orales quechuas. Margit Gutmann.
650 ## - PUNTO DE ACCESO ADICIONAL DE MATERIA--TÉRMINO DE MATERIA
Descriptor Inkas
9 (RLIN) 1899
650 ## - PUNTO DE ACCESO ADICIONAL DE MATERIA--TÉRMINO DE MATERIA
Descriptor Matemática Inka
9 (RLIN) 44404
650 ## - PUNTO DE ACCESO ADICIONAL DE MATERIA--TÉRMINO DE MATERIA
Descriptor Yupana
9 (RLIN) 30731
650 ## - PUNTO DE ACCESO ADICIONAL DE MATERIA--TÉRMINO DE MATERIA
Descriptor Obrajes
9 (RLIN) 31008
650 ## - PUNTO DE ACCESO ADICIONAL DE MATERIA--TÉRMINO DE MATERIA
Descriptor Cofradías urbanas
9 (RLIN) 46490
650 ## - PUNTO DE ACCESO ADICIONAL DE MATERIA--TÉRMINO DE MATERIA
Descriptor Historia del Cusco
9 (RLIN) 1714
700 ## - PUNTO DE ACCESO ADICIONAL--NOMBRE DE PERSONA
Nombre Personal Frame, Mary
9 (RLIN) 46414
700 ## - PUNTO DE ACCESO ADICIONAL--NOMBRE DE PERSONA
Nombre Personal Moscovich, Viviana
9 (RLIN) 46484
700 ## - PUNTO DE ACCESO ADICIONAL--NOMBRE DE PERSONA
Nombre Personal Martínez, Ana Teresa
9 (RLIN) 46491
700 ## - PUNTO DE ACCESO ADICIONAL--NOMBRE DE PERSONA
Nombre Personal Cerrón Palomino, Rodolfo
9 (RLIN) 7429
700 ## - PUNTO DE ACCESO ADICIONAL--NOMBRE DE PERSONA
Nombre Personal González, Luis
9 (RLIN) 3850
700 ## - PUNTO DE ACCESO ADICIONAL--NOMBRE DE PERSONA
Nombre Personal Ghezzi, Ivan
9 (RLIN) 46492
700 ## - PUNTO DE ACCESO ADICIONAL--NOMBRE DE PERSONA
Nombre Personal Normando Cruz, Enrique
9 (RLIN) 46493
700 ## - PUNTO DE ACCESO ADICIONAL--NOMBRE DE PERSONA
Nombre Personal Gutmann, Margit
9 (RLIN) 3247
942 ## - ELEMENTOS DE PUNTO DE ACCESO ADICIONAL (KOHA)
Fuente de clasificación
Tipo de item Revistas cusqueñas
945 ## - PROCESAMIENTO DE INFORMACIÓN LOCAL (OCLC)
Catalogador rac
Holdings
Estado de retiro (separado) Fuente de clasificación o esquema de estanterías Estado dañado Ubicación Sala donde se ubica Nombre de la colección Fecha de adquisición o compra Costo, precio normal en soles Signatura topográfica Código de Barras Última vez visto (Koha) Tipo de ítem (Koha)
No     Sala Hemeroteca Sala Hemeroteca Book Cart 2021-08-26 10.00 Rev.Andi/N°44/2007 REVC000335 2021-08-26 Revistas cusqueñas
No     Sala Hemeroteca Sala Hemeroteca Book Cart 2021-08-26 10.00 Rev.Andi/N°44/2007/e.2 REVC000336 2021-08-26 Revistas cusqueñas

Powered by Koha